<?xml version="1.0" encoding="UTF-8"?>
<record
    xmlns:xsi="http://www.w3.org/2001/XMLSchema-instance"
    xsi:schemaLocation="http://www.loc.gov/MARC21/slim http://www.loc.gov/standards/marcxml/schema/MARC21slim.xsd"
    xmlns="http://www.loc.gov/MARC21/slim">

  <leader>02961nam a22004577a 4500</leader>
  <controlfield tag="003">CHAP</controlfield>
  <controlfield tag="005">20240517102350.0</controlfield>
  <controlfield tag="007">ta</controlfield>
  <controlfield tag="008">220802s2018    mx dobefr||||a001 0 spa d</controlfield>
  <datafield tag="040" ind1=" " ind2=" ">
    <subfield code="a">mxchpua</subfield>
  </datafield>
  <datafield tag="090" ind1=" " ind2=" ">
    <subfield code="a">T.C.793</subfield>
    <subfield code="b">S26 EIUPA </subfield>
    <subfield code="c">2018</subfield>
  </datafield>
  <datafield tag="245" ind1="1" ind2="0">
    <subfield code="a">Vi&#xF1;a Santa Berta S. A. Chill&#xE1;n, Chile / </subfield>
    <subfield code="c">coordinadores Ofelia Sandoval Castilla y Patricia Landa Salgado ; colaboradores Jos&#xE9; Antonio Barbosa Corona...[et al.]</subfield>
  </datafield>
  <datafield tag="260" ind1=" " ind2=" ">
    <subfield code="a">Chapingo, M&#xE9;xico : </subfield>
    <subfield code="b">El autor,</subfield>
    <subfield code="c">2018</subfield>
  </datafield>
  <datafield tag="300" ind1=" " ind2=" ">
    <subfield code="a">89 hojas : </subfield>
    <subfield code="b">gr&#xE1;ficas. planos, fotos +</subfield>
    <subfield code="e">1 CD-ROM</subfield>
  </datafield>
  <datafield tag="336" ind1=" " ind2=" ">
    <subfield code="2">rdacontent</subfield>
    <subfield code="a">texto</subfield>
    <subfield code="b">txt</subfield>
  </datafield>
  <datafield tag="337" ind1=" " ind2=" ">
    <subfield code="2">rdamedia</subfield>
    <subfield code="a">no mediado</subfield>
    <subfield code="b">n</subfield>
  </datafield>
  <datafield tag="338" ind1=" " ind2=" ">
    <subfield code="2">rdacarrier</subfield>
    <subfield code="a">volumen</subfield>
    <subfield code="b">nc</subfield>
  </datafield>
  <datafield tag="500" ind1=" " ind2=" ">
    <subfield code="a">Grado 7&#xB0;</subfield>
  </datafield>
  <datafield tag="502" ind1=" " ind2=" ">
    <subfield code="a">Viaje de Estudios </subfield>
    <subfield code="b">(EIUPA) --</subfield>
    <subfield code="c">UACh. Departamento de Ingenier&#xED;a Agroindustrial,</subfield>
    <subfield code="d">2018</subfield>
  </datafield>
  <datafield tag="504" ind1=" " ind2=" ">
    <subfield code="a">Bibliograf&#xED;a: h. 82</subfield>
  </datafield>
  <datafield tag="505" ind1="0" ind2=" ">
    <subfield code="a">7 planos : --
1.Plano de conjunto (Esc. 1:250) -- 
2.Distribuci&#xF3;n de planta en el &#xE1;rea de proceso (Esc. 1:150) --
3.Distribuci&#xF3;n de almac&#xE9;n y crianza (Esc. 1:75) --
4.Fachadas este y oeste del &#xE1;rea de proceso (Esc. 1:100) --
5.Corte transversal del &#xE1;rea de proceso (Esc. 1:75) --
6.Isom&#xE9;trico de electricidad en el &#xE1;rea de proceso (Esc. 1:125) --
7.Isom&#xE9;trico de agua y aire en el &#xE1;rea de proceso (Esc. 1:125)</subfield>
  </datafield>
  <datafield tag="650" ind1="1" ind2="3">
    <subfield code="a">Vinos</subfield>
    <subfield code="z">Chile</subfield>
  </datafield>
  <datafield tag="650" ind1="1" ind2="3">
    <subfield code="a">Viticultura</subfield>
    <subfield code="z">Chile</subfield>
  </datafield>
  <datafield tag="650" ind1="1" ind2="3">
    <subfield code="a">Vinificaci&#xF3;n  </subfield>
    <subfield code="z">Chile</subfield>
  </datafield>
  <datafield tag="650" ind1="1" ind2="3">
    <subfield code="a">Industria del vino  </subfield>
    <subfield code="z">Chile</subfield>
  </datafield>
  <datafield tag="650" ind1="1" ind2="3">
    <subfield code="a">Wines  </subfield>
    <subfield code="z">Chile</subfield>
  </datafield>
  <datafield tag="650" ind1="1" ind2="3">
    <subfield code="a">Viticulture  </subfield>
    <subfield code="z">Chile</subfield>
  </datafield>
  <datafield tag="650" ind1="1" ind2="3">
    <subfield code="a">Winemaking  </subfield>
    <subfield code="z">Chile</subfield>
  </datafield>
  <datafield tag="650" ind1="1" ind2="3">
    <subfield code="a">Wine industry  </subfield>
    <subfield code="z">Chile</subfield>
  </datafield>
  <datafield tag="700" ind1="1" ind2=" ">
    <subfield code="a">Sandoval Castilla, Ofelia</subfield>
    <subfield code="e">coordinadora</subfield>
    <subfield code="9">102104</subfield>
  </datafield>
  <datafield tag="700" ind1="1" ind2=" ">
    <subfield code="a">Landa Salgado, Patricia</subfield>
    <subfield code="e">coordinadora</subfield>
  </datafield>
  <datafield tag="700" ind1="1" ind2=" ">
    <subfield code="9">185297</subfield>
    <subfield code="a">Barbosa Corona, Jos&#xE9; Antonio</subfield>
    <subfield code="e">colaborador</subfield>
  </datafield>
  <datafield tag="856" ind1="4" ind2="2">
    <subfield code="u">http://10.13.5.2/ve/T_C_793_EIUPA/T_C_793_EIUPA_2018_PLANO_CONJUNTO.pdf</subfield>
    <subfield code="y">DESCARGAR PLANO DE CONJUNTO</subfield>
  </datafield>
  <datafield tag="856" ind1="4" ind2="2">
    <subfield code="u">http://10.13.5.2/ve/T_C_793_EIUPA/T_C_793_EIUPA_2018_PLANO_DISTRIBUCION_DE_AREA_PROCESO.pdf</subfield>
    <subfield code="y">DESCARGAR DISTRIBUCI&#xD3;N DE PLANTA EN EL &#xC1;REA DE PROCESO</subfield>
  </datafield>
  <datafield tag="856" ind1="4" ind2="2">
    <subfield code="u">http://10.13.5.2/ve/T_C_793_EIUPA/T_C_793_EIUPA_2018_PLANO_DISTRIBUCION_DE_ALMACEN_Y_CRIANZA.pdf</subfield>
    <subfield code="y">DESCARGAR DISTRIBUCI&#xD3;N DE ALMAC&#xC9;N Y CRIANZA</subfield>
  </datafield>
  <datafield tag="856" ind1="4" ind2="2">
    <subfield code="u">http://10.13.5.2/ve/T_C_793_EIUPA/T_C_793_EIUPA_2018_PLANO_FACHADA.pdf</subfield>
    <subfield code="y">DESCARGAR FACHADAS ESTE Y OESTE DEL &#xC1;REA DE PROCESO</subfield>
  </datafield>
  <datafield tag="856" ind1="4" ind2="2">
    <subfield code="u">http://10.13.5.2/ve/T_C_793_EIUPA/T_C_793_EIUPA_2018_PLANO_CORTE_TRANSVERSAL_DEL_AREA_DE_PROCESO.pdf</subfield>
    <subfield code="y">DESCARGAR CORTE TRANSVERSAL DEL &#xC1;REA DE PROCESO</subfield>
  </datafield>
  <datafield tag="856" ind1="4" ind2="2">
    <subfield code="u">http://10.13.5.2/ve/T_C_793_EIUPA/T_C_793_EIUPA_2018_PLANO_ISOMETRICO_DE_ELECTRICIDAD_EN_EL_AREA_DE_PROCESO.pdf</subfield>
    <subfield code="y">DESCARGAR ISOM&#xC9;TRICO DE ELECTRICIDAD EN EL &#xC1;REA DE PROCESO</subfield>
  </datafield>
  <datafield tag="856" ind1="4" ind2="2">
    <subfield code="u">http://10.13.5.2/ve/T_C_793_EIUPA/T_C_793_EIUPA_2018_PLANO_ISOMETRICO_AGUA_Y_AIRE_AREA_DE_PROCESO.pdf</subfield>
    <subfield code="y">DESCARGAR ISOM&#xC9;TRICO DE AGUA Y AIRE EN EL &#xC1;REA DE PROCESO</subfield>
  </datafield>
  <datafield tag="856" ind1="4" ind2="2">
    <subfield code="u">http://10.13.5.2/ve/T_C_793_EIUPA/T_C_793_EIUPA_2018_REPORTE.pdf</subfield>
    <subfield code="y">DESCARGAR REPORTE</subfield>
  </datafield>
  <datafield tag="999" ind1=" " ind2=" ">
    <subfield code="c">217528</subfield>
    <subfield code="d">217528</subfield>
  </datafield>
  <datafield tag="952" ind1=" " ind2=" ">
    <subfield code="0">0</subfield>
    <subfield code="1">0</subfield>
    <subfield code="2">local</subfield>
    <subfield code="4">0</subfield>
    <subfield code="5">1</subfield>
    <subfield code="7">0</subfield>
    <subfield code="8">VE</subfield>
    <subfield code="a">IA_</subfield>
    <subfield code="b">IA_</subfield>
    <subfield code="d">2022-08-02</subfield>
    <subfield code="e">El autor</subfield>
    <subfield code="l">0</subfield>
    <subfield code="o">T.C.793 S26 EIUPA 2018</subfield>
    <subfield code="p">1106013409</subfield>
    <subfield code="r">2026-01-26 00:00:00</subfield>
    <subfield code="t">Ej. 1</subfield>
    <subfield code="y">VE</subfield>
  </datafield>
  <datafield tag="952" ind1=" " ind2=" ">
    <subfield code="0">0</subfield>
    <subfield code="1">0</subfield>
    <subfield code="2">local</subfield>
    <subfield code="4">0</subfield>
    <subfield code="5">1</subfield>
    <subfield code="7">0</subfield>
    <subfield code="8">VE</subfield>
    <subfield code="a">IA_</subfield>
    <subfield code="b">IA_</subfield>
    <subfield code="d">2022-08-02</subfield>
    <subfield code="e">El autor</subfield>
    <subfield code="l">0</subfield>
    <subfield code="o">T.C.793 S26 EIUPA 2018</subfield>
    <subfield code="p">1106013410</subfield>
    <subfield code="r">2022-08-02 00:00:00</subfield>
    <subfield code="t">Ej. 2</subfield>
    <subfield code="y">CD</subfield>
  </datafield>
  <datafield tag="952" ind1=" " ind2=" ">
    <subfield code="0">0</subfield>
    <subfield code="1">0</subfield>
    <subfield code="2">local</subfield>
    <subfield code="4">0</subfield>
    <subfield code="7">0</subfield>
    <subfield code="8">VEE</subfield>
    <subfield code="a">IA_</subfield>
    <subfield code="b">IA_</subfield>
    <subfield code="c">E_L</subfield>
    <subfield code="d">2023-02-22</subfield>
    <subfield code="e">El autor</subfield>
    <subfield code="l">0</subfield>
    <subfield code="o">T.C.793 S26 EIUPA 2018</subfield>
    <subfield code="p">1206013409</subfield>
    <subfield code="r">2023-02-22 00:00:00</subfield>
    <subfield code="w">2023-02-22</subfield>
    <subfield code="y">VEE</subfield>
  </datafield>
</record>
